| 000 | 00434nam a22001697a 4500 | ||
|---|---|---|---|
| 003 | MACL | ||
| 005 | 20211016133148.0 | ||
| 008 | 211016b |||||||| |||| 00| 0 eng d | ||
| 040 | _cMACL | ||
| 082 | _a910/DEY | ||
| 100 |
_aDey,Nundo Lal _981242 |
||
| 245 | _aThe Geographical Dictionary Of Ancient And Mediaeval India | ||
| 260 |
_aDelhi _bLow Price Publications _c2005 |
||
| 300 | _ap262 | ||
| 650 | _aGeography | ||
| 942 |
_2ddc _cBK |
||
| 999 |
_c64509 _d64509 |
||